Personnage de Riverdale - Statistiques

Statistiques générales
  • Ce quiz a été pris 137 fois
  • Le résultat moyen est 25 sur 45
Statistiques - réponses
Num Nom % Correct
1 Betty
99%
4 Jughead
98%
2 Veronica
98%
3 Archie
97%
5 Cheryl
92%
29 Alice
89%
34 Hiram
88%
35 Hermione
85%
8 Toni
84%
30 Hal
83%
11 Kevin
83%
28 Fred
81%
32 Fp
80%
42 Jason
76%
13 Polly
76%
14 Josie
72%
6 Reggie
72%
27 Jelly Bean
71%
31 Penelope
70%
10 fangs
67%
36 Mary
65%
9 Sweet pea
62%
12 Chic
54%
7 Moose
54%
41 Charles
52%
23 Valerie
49%
20 Ethel
48%
33 Gladys
46%
39 Edgar
44%
38 Sierra
43%
43 Nana Rose
40%
16 Chuck
36%
25 Melody
36%
44 Penny
35%
17 Midge
34%
18 Donna
30%
22 Dilton
28%
19 Bret
27%
21 Nick
25%
15 Joaquin
22%
37 Vegas
21%
26 Ricky
8%
40 Geraldyne
2%
45 Malakai
2%
24 Trev
1%
Aucun quiz correspondant
Distribution des résultats
% des personnes avec chaque résultat
Percentile par nombre de réponses
Votre historique - résultats
Vous n’avez pas pris ce quiz